000 00626nam a22002057a 4500
003 OSt
005 20220615045526.0
008 151113b xxu||||| |||| 00| 0 eng d
020 _a73530425
040 _cMMU
_dMMU
_beng
_aMMU
050 _aHD 30.28 .T53 2010
245 _aCrafting and Executing Strategy the quest for competitive advantage/
_cArthur A. Thompson.
260 _aBoston :
_b McGraw-Hill,
_c2010.
300 _axlv, 478 p. :
500 _aIncludes index
650 _a_Strategic Planning
700 _a_A. J. Strickland
942 _2lcc
_cLOAN LOAN
_e16th ed.
980 _a^d20110705 02:30:15^okilerai
999 _c15848
_d15848